00743nam a2200181Ia 4500003000900000008004100009020001800050040001600068080002300084111012600107245016500233260003400398300001600432490003000448650002400478700002600502710003300528IN-BaIIA211028s9999 xx 000 0 eng d a3-540-61582-2 cIIA Library a52-77 (082.2)bSCI aEuropean Southern Observatory-IRAM-NFRA-onsala Workshop on Science with Large Millimetre ArrayscGermanyd1995 Dec. 11-13 0aScience with large millimetre arraysbproceedings of the ESO-IRAM-NFRA-Onsala workshop held in Garching, Germany, 11-13 December 1995cedited by Peter A. Shaver aBerlinbSpringer-Verlagc1996 axvii, 408p. aESO astrophysics symposia aMillimetre stronomy aShaver, Peter A., ed. aEuropean Sothern Observatory